Kisah dua bandar

Bibliographic Details
Format: Book
Published: Selangor : Penerbit Pelangi Sdn. Bhd , 2005
Series:Cerita klasik
Subjects:

MARC

LEADER 00000cam a2200000 7i4500
001 0000033136
005 20151222.0
008 120914
020 |a 9830007170 
090 0 0 |a JF   |b CT MAL 
245 0 0 |a Kisah dua bandar 
260 |a Selangor :   |b Penerbit Pelangi Sdn. Bhd ,   |c 2005 
440 |a Cerita klasik 
500 |a Children ages 7-9 years old (orange) 
650 0 |a Classic tales   |x Malay 
999 |a 0001157478   |b Book   |c Children Collection   |e Perbadanan Perpustakaan Awam Johor 
999 |a 0001157479   |b Book   |c Children Collection   |e Cawangan Bukit Gambir